000 00482nam a22001937a 4500
999 _c8140
_d8140
003 OSt
005 20230419164557.0
008 230419b ||||| |||| 00| 0 eng d
020 _a3540281282
040 _aMUST
_cMUST
082 _a11/33812
100 _aZhaohui Wu
_916628
245 _aEmbedded Software and System.
260 _aBerlin.
_bSpringer
_c2005
300 _bxix,610p.ill.
_c24cm.
504 _aIndex.
650 _2Embedded Software and System.
942 _2ddc
_cBOOK